|
|
|
|
| LEADER |
01122nam a2200301 a 4500 |
| 001 |
4506503 |
| 008 |
090727s1998 nyub b 000 1 eng d |
| 010 |
|
|
|a 98021563
|
| 020 |
|
|
|a 0140435387
|
| 040 |
|
|
|a DLC
|c DLC
|d DLc
|
| 082 |
0 |
0 |
|a 823/.8
|2 21
|
| 100 |
1 |
|
|a Hardy, Thomas,
|d 1840-1928.
|
| 245 |
1 |
0 |
|a Jude the obscure /
|c Thomas Hardy ; edited by Dennis Taylor.
|
| 260 |
|
|
|a New York;
|a London :
|b W.W. Norton;Penguin Books,
|c c1998.
|
| 300 |
|
|
|a xliii, 483 p. :
|b maps ;
|c 19 cm.
|
| 541 |
1 |
|
|e 00011914
|
| 600 |
1 |
0 |
|a Hardy, Thomas,
|d 1840-1928.
|t Jude the obscure.
|
| 650 |
|
0 |
|a Stonemasons
|v Fiction.
|
| 650 |
|
0 |
|a Illegitimate children
|v Fiction.
|
| 650 |
|
0 |
|a Children
|x Death
|v Fiction.
|
| 650 |
|
0 |
|a Unmarried couples
|v Fiction.
|
| 650 |
|
0 |
|a Adultery
|v Fiction.
|
| 651 |
|
0 |
|a Wessex (England)
|v Fiction.
|
| 700 |
1 |
|
|a Taylor,Dennis.
|
| 852 |
4 |
|
|a Ayesha Abed Library
|j General Shelf.
|
| 942 |
0 |
0 |
|0 1
|
| 999 |
|
|
|c 3003
|d 3003
|
| 952 |
|
|
|0 0
|1 0
|2 ddc
|4 0
|6 823_800000000000000_HAR
|7 0
|9 2718
|a BRACUL
|b BRACUL
|c GEN
|d 2009-08-18
|g 189.00
|l 6
|m 57
|o 823.8 HAR
|p 3010011914
|q 2025-10-08
|r 2024-01-30
|s 2024-01-30
|t 1
|v 378.00
|w 2009-08-18
|y BK
|x €1.99
|